000 00624nam a2200181Ia 4500
005 20250508153404.0
008 008 250505s9999 xx 000 0 eng d
037 _aTextual
040 _aFEDL
_beng
_cFEDL
041 _aeng
_2eng
084 _a364.36, UNI
_qFEDL
245 0 _aResearch relating to juvenile delinquents
245 0 _cU. S. Department of Health, Education and Welfare. Social Security Administration Children's Bureau
260 _aWashington, USA
_bU.S. Department of Health, Education, and Welfare
_c1962
300 _a100p
942 _cTEXL
_h364.36, UNI
999 _c1342496
_d1342496